| 000 | 00000nam##2200000za#4500 |
| 001 | 9.580871 |
| 003 | CaOODSP |
| 005 | 20210624191240 |
| 007 | cr ||||||||||| |
| 008 | 150406|2008||||xxc|||||o f|0| 0 eng|d |
| 040 | |aCaOODSP|beng |
| 043 | |an-cn--- |
| 086 | 1 |aRv55-5/11-4-16-2008E-PDF |
| 110 | 2 |aCanada Border Services Agency. |
| 245 | 10|aAdvance rulings under free trade agreements |h[electronic resource] |
| 260 | |aOttawa - Ontario : |bCanada Border Services Agency |
| 300 | |a19p. |
| 490 | 1 |aCustoms D memoranda. D11, General tariff information |vD11-4-16, December 19, 2008 |
| 500 | |aSuperseded Memoranda "D" – D11-4-16, March 30, 2006. |
| 590 | |a14-17-Supp|b2014-10-09 |
| 775 | 08|tDécisions anticipées découlant d'un accord de libre-échange |w(CaOODSP)9.607808 |
| 776 | 0#|tDécisions anticipées découlant d'un accord de libre-échange |w(CaOODSP)9.546141 |
| 776 | 0#|tAdvance rulings under free trade agreements |w(CaOODSP)9.546140 |
| 830 | #0|aCustoms D memoranda. D11, General tariff information ;|vD11-4-16, December 19, 2008|w(CaOODSP)9.816825 |
| 856 | 40|ahttp://publications.gc.ca|qPDF|s236 KB|uhttps://publications.gc.ca/collections/collection_2014/asfc-cbsa/Rv55-5-11-4-16-2008-eng.pdf|yD11-4-16, December 19, 2008 |